Research methods for business students / (Record no. 5028)
[ view plain ]
| 000 -LEADER | |
|---|---|
| fixed length control field | 00872cam a2200253 a 4500 |
| 001 - CONTROL NUMBER | |
| control field | 14657417 |
| 005 - DATE AND TIME OF LATEST TRANSACTION | |
| control field | 20250320195700.0 |
| 008 - FIXED-LENGTH DATA ELEMENTS--GENERAL INFORMATION | |
| fixed length control field | 061206s2007 enka b 001 0 eng |
| 020 ## - INTERNATIONAL STANDARD BOOK NUMBER | |
| International Standard Book Number | 0273701487 (pbk.) |
| 050 00 - LIBRARY OF CONGRESS CALL NUMBER | |
| Classification number | HD30.4 |
| Item number | .S28 2007 |
| 082 04 - DEWEY DECIMAL CLASSIFICATION NUMBER | |
| Classification number | 650.072 |
| Edition information | 22 |
| 100 1# - MAIN ENTRY--PERSONAL NAME | |
| Personal name | Saunders, M. N. K. |
| 245 10 - TITLE STATEMENT | |
| Title | Research methods for business students / |
| Statement of responsibility, etc. | Mark Saunders, Philip Lewis, Adrian Thornhill. |
| 250 ## - EDITION STATEMENT | |
| Edition statement | 4th ed. |
| 260 ## - PUBLICATION, DISTRIBUTION, ETC. | |
| Place of publication, distribution, etc. | Harlow, England ; |
| -- | New York : |
| Name of publisher, distributor, etc. | Financial Times/Prentice Hall, |
| Date of publication, distribution, etc. | 2007. |
| 300 ## - PHYSICAL DESCRIPTION | |
| Extent | xxvii, 624 p. : |
| Other physical details | col. ill. ; |
| Dimensions | 27 cm. |
| 500 ## - GENERAL NOTE | |
| General note | Previous ed.: 2003. |
| 650 #0 - SUBJECT ADDED ENTRY--TOPICAL TERM | |
| Topical term or geographic name entry element | Business |
| General subdivision | Research. |
| 650 #0 - SUBJECT ADDED ENTRY--TOPICAL TERM | |
| Topical term or geographic name entry element | Business |
| General subdivision | Research |
| -- | Data processing. |
| 700 1# - ADDED ENTRY--PERSONAL NAME | |
| Personal name | Lewis, Philip, |
| Dates associated with a name | 1945- |
| 700 1# - ADDED ENTRY--PERSONAL NAME | |
| Personal name | Thornhill, Adrian. |
| 856 41 - ELECTRONIC LOCATION AND ACCESS | |
| Materials specified | Table of contents only |
| Uniform Resource Identifier | <a href="http://www.loc.gov/catdir/toc/fy0704/2006299796.html">http://www.loc.gov/catdir/toc/fy0704/2006299796.html</a> |
| 942 ## - ADDED ENTRY ELEMENTS (KOHA) | |
| Source of classification or shelving scheme | Library of Congress Classification |
| Koha item type | Books |
| Suppress in OPAC | No |
| 999 ## - | |
| -- | 5028 |
| -- | 5028 |
| Withdrawn status | Lost status | Source of classification or shelving scheme | Damaged status | Not for loan | Collection | Home library | Current library | Shelving location | Date acquired | Total checkouts | Full call number | Barcode | Date last seen | Copy number | Price effective from | Koha item type |
|---|---|---|---|---|---|---|---|---|---|---|---|---|---|---|---|---|
| Library of Congress Classification | Non-fiction | Graduate Library (Christ Temple) | Graduate Library (Christ Temple) | General stacks | 03/20/2025 | HD 30.4 S 28 SAU | GSCT00000724 | 03/20/2025 | 1 | 03/20/2025 | Books |